000 00597nam a2200277Ia 4500
005 20260401122228.0
008 008 250103s9999 xx 000 0 eng d
020 _a521663873
037 _aTB
040 _aEDL
040 _beng
040 _cEDL
041 _2eng
041 _aeng
084 _a863.3 CAS
084 _qEDL
245 0 _aCambridge Companion to Cervantes
260 _aCambridge
260 _bCambridge University Press
260 _c2002
300 _a242p
942 _cTB
942 _h863.3 CAS
999 _c1845804
_d1845804